| 000 | 00675nam a2200265Ia 4500 | ||
|---|---|---|---|
| 005 | 20250425161926.0 | ||
| 008 | 250425s9999 xx 000 0 und d | ||
| 041 | _aspa | ||
| 043 | _aec | ||
| 082 | _a614 | ||
| 100 | _aRODRIGUEZ, JORGE ED | ||
| 245 | 0 | _aGUIA PARA LA PREVENCION Y CONTROL DEL COLERA | |
| 250 | _a1A ED. | ||
| 260 |
_aEcuador _bORGANIZACION MUNDIAL DE LA SALUD _c1991 |
||
| 260 | _aQUITO | ||
| 300 | _a380 | ||
| 650 | _aCONTROL | ||
| 650 | _aEDUCACION PARA LA SALUD | ||
| 650 | _aENFERMEDADES-CONTROL | ||
| 650 | _aEPIDEMIOLOGIA | ||
| 650 | _aPREVENCION | ||
| 710 | _aORGANIZACION PANAMERICA DE LA SALUD | ||
| 942 | _c01 | ||
| 010 | _a35160 | ||
| 999 |
_c218971 _d218971 |
||